000 00748nam a2200241Ia 4500
003 OSt
005 20220923211111.0
006 a|||||r|||| 00| 0
007 ta
008 220922b |||||||| |||| 00| 0 hin d
020 _a8181430700 (hbk)
_c100
024 _a242,004
037 _b486, 02/03/2010, Vani Prakashan
_cTextual
040 _aARTS
_cARTS
_bhin
041 _2hin
_ahin
082 _aO152,6x, P3
245 0 _aजातिवाद और रंगभेद
246 _aJātivād aur rangabheda
260 _aनयी दिल्ली
_b वाणी प्रकाशन
_c2003
300 _a140पृ.
_ccm.
942 _hO152,6x, P3
_cTEXL
_2CC
999 _c295234
_d295234